Loading...
| History - European | 1 | 5 | 0 | 2 | 65 | 26 | 116.50 | 1 | 3 | 0.00 | 0.00 |
| Fine Arts - Classical Music and Opera | 2 | 3 | 4 | 0 | 40 | 63 | 94.00 | 0 | 4 | 0.00 | 0.00 |
| History - World | 0 | 3 | 0 | 2 | 30 | 119 | 128.33 | 0 | 1 | 0.00 | 0.00 |
| Fine Arts - Visual | 0 | 2 | 0 | 1 | 20 | 124 | 139.50 | 0 | 0 | 0.00 | 0.00 |
| Fine Arts - Other | 1 | 2 | 3 | 1 | 20 | 46 | 105.00 | 1 | 1 | 0.00 | 0.00 |
| Beliefs | 0 | 2 | 0 | 0 | 20 | 153 | 155.00 | 0 | 0 | 0.00 | 0.00 |
| History - US | 0 | 3 | 3 | 2 | 15 | 118 | 136.67 | 0 | 0 | 0.00 | 0.00 |
| Geography | 0 | 1 | 0 | 0 | 10 | 146 | 146.00 | 0 | 0 | 0.00 | 0.00 |
| Literature - World | 0 | 1 | 0 | 0 | 10 | 152 | 152.00 | 0 | 0 | 0.00 | 0.00 |
| History - Other | 0 | 1 | 2 | 0 | 0 | 131 | 131.00 | 0 | 0 | 0.00 | 0.00 |
| Other Academic | 0 | 0 | 1 | 0 | -5 | 0.00 | 0 | 0 | 0.00 | 0.00 | |
| Social Science | 0 | 0 | 1 | 0 | -5 | 0.00 | 0 | 0 | 0.00 | 0.00 |